=LDR 00000nam 2200000 4500 =001 INLIS000000000040740 =005 20130612150311 =008 ***********************************ind** =035 ##$$0010-061300000040740 =041 ##$$a ind =082 ##$$a 332.3 =090 ##$$a 332.3, Cha, e =100 ##$$a Chanler, Lester V =245 ##$$a ekonomi tentang uang dan bank =260 ##$$a 1970 $b Jakarta =300 ##$$a xii,406 Hlm., 21 cm =650 ##$$a Ekonomi keuangan =850 ##$$a NBPNMAT